Normal view
MARC view
Entry Topical Term
001 - CONTROL NUMBER
- control field: 247176
003 - CONTROL NUMBER IDENTIFIER
- control field: OSt
005 - DATE AND TIME OF LATEST TRANSACTION
- control field: 20251129095119.0
008 - FIXED-LENGTH DATA ELEMENTS
- fixed length control field: 251129|| aca||aabn | a|a d
040 ## - CATALOGING SOURCE
- Original cataloging agency: OSt
- Transcribing agency: OSt
150 ## - HEADING--TOPICAL TERM
- Topical term or geographic name entry element: Machine learning best practice
670 ## - SOURCE DATA FOUND
- Source citation: Work cat.: (OSt)196604: Karim, Md. Rezaul. 247175, Large scale machine learning with spark: discover everything you need to build robust machine learning applications with spark 2.0 /, 2016.